Statistics for Zemlje Najbliže u Bosni i Hercegovini - 30 sekundi sprint

Click here to take the quiz!

General Stats

  • This quiz has been taken 7 times
  • The average score is 9 of 20

Answer Stats

kmzemlja% Correct
0Hrvatska
100%
0Srbija
100%
0Crna Gora
86%
96Kosovo
86%
68Mađarska
86%
153Italija
71%
94Albanija
57%
221Bugarska
57%
196Makedonija
57%
45Slovenija
57%
282Grčka
43%
162Austrija
29%
129Rumunija
29%
331Nemačka
14%
271San Marino
14%
372Češka
0%
282Slovačka
0%
438Švajcarska
0%
436Ukrajina
0%
400Vatikan
0%

Score Distribution

Percentile by Number Answered

Percent of People with Each Score

Your Score History

You have not taken this quiz